Statistics for FIFA 15 Best Goalkeepers

Click here to take the quiz!

General Stats

  • This quiz has been taken 1,360 times
  • The average score is 15 of 24

Answer Stats

HintAnswer% Correct
Germany90Neuer
97%
Belgium86Courtois
91%
France85Lloris
91%
Cezch Republic85Cech
88%
Spain85De Gea
86%
Spain84Casillas
83%
Italy83Buffon
79%
England83Hart
73%
USA82Howard
69%
Germany82Ter Stegen
65%
Slovenia84Handanovic
60%
Uruguay82Muslera
60%
Chile83Bravo
59%
France82Mandanda
53%
Belgium82Mignolet
51%
Italy84Sirigu
50%
Brazil82Julio Cesar
49%
Russia83Akinfeev
48%
France84Ruffier
43%
Bosnia82Begovic
42%
Germany82Leno
40%
Germany83Weidenfeller
39%
Spain83Diego Lopez
27%
Germany82Adler
22%

Score Distribution

Percentile by Number Answered

Percent of People with Each Score

Your Score History

You have not taken this quiz